[Event "Winnipeg TNT October op"]
[Site "Winnipeg CAN"]
[Date "2012.10.23"]
[Round "4"]
[White "Melamedoff, Gustavo"]
[Black "Schulz, Waldemar"]
[Result "0-1"]
[WhiteElo "2097"]
[BlackElo "2009"]
[PlyCount "69"]
[GameId "2160767909445058"]
[EventDate "2012.10.02"]
[EventType "swiss"]
[EventRounds "5"]
[EventCountry "CAN"]
[SourceTitle "EXT 2022"]
[Source "ChessBase"]
[SourceDate "2021.10.06"]
[SourceVersion "1"]
[SourceVersionDate "2021.10.06"]
[SourceQuality "1"]

1. e4 c5 2. Nf3 e6 3. b3 Nc6 4. Bb2 d6 5. Bb5 Bd7 6. O-O Nf6 7. Re1 Be7 8. d4 cxd4 9. Nxd4 Rc8 10. Nxc6 Bxc6 11. Bxc6+ Rxc6 12. c4 O-O 13. Nc3 a6 14. Qe2 Qa5 15. Rad1 Rb8 16. Qf3 Qc7 17. a4 Ne8 18. Qg3 Bf6 19. e5 Bxe5 20. Rxe5 dxe5 21. Ne4 Rd8 22. Re1 f6 23. h4 Qf7 24. c5 Rc7 25. Re3 Qg6 26. Qh3 Rd1+ 27. Kh2 Qf5 28. Qg3 Qf4 29. b4 Rcd7 30. b5 axb5 31. axb5 R7d3 32. Qxf4 exf4 33. Re2 Rb3 34. c6 bxc6 35. bxc6 0-1

[Event "Winnipeg TNT October op"]
[Site "Winnipeg CAN"]
[Date "2012.10.23"]
[Round "4"]
[White "Pang, Michael"]
[Black "Mundwiler, Les"]
[Result "1-0"]
[WhiteElo "1904"]
[BlackElo "2054"]
[PlyCount "77"]
[GameId "2160767909445059"]
[EventDate "2012.10.02"]
[EventType "swiss"]
[EventRounds "5"]
[EventCountry "CAN"]
[SourceTitle "EXT 2022"]
[Source "ChessBase"]
[SourceDate "2021.10.06"]
[SourceVersion "1"]
[SourceVersionDate "2021.10.06"]
[SourceQuality "1"]

1. e4 e5 2. Nf3 Nc6 3. Bb5 Nd4 4. Nxd4 exd4 5. O-O c6 6. Bc4 Nf6 7. Re1 d6 8. e5 dxe5 9. Rxe5+ Be7 10. Qe1 b5 11. Bb3 a5 12. a4 Ra7 13. axb5 O-O 14. d3 Bd6 15. Re2 cxb5 16. f3 Qc7 17. Qh4 a4 18. Ba2 Re8 19. Rxe8+ Nxe8 20. Na3 Ba6 21. Bg5 h6 22. Re1 Ra8 23. Be7 Be5 24. Qh5 Qxe7 25. Rxe5 Nf6 26. Rxe7 Nxh5 27. Rxf7 Kh8 28. Rd7 b4 29. Nc4 a3 30. bxa3 Bxc4 31. dxc4 Rxa3 32. Bb3 Nf4 33. c5 Ra5 34. c6 Rc5 35. c7 Kh7 36. Kf2 d3 37. cxd3 Ng6 38. d4 Rc3 39. Bg8+ 1-0

[Event "Winnipeg TNT October op"]
[Site "Winnipeg CAN"]
[Date "2012.10.23"]
[Round "4"]
[White "Rutter, Blair"]
[Black "Platt, Alex"]
[Result "1/2-1/2"]
[WhiteElo "1838"]
[BlackElo "2204"]
[PlyCount "115"]
[GameId "2160767909445060"]
[EventDate "2012.10.02"]
[EventType "swiss"]
[EventRounds "5"]
[EventCountry "CAN"]
[SourceTitle "EXT 2022"]
[Source "ChessBase"]
[SourceDate "2021.10.06"]
[SourceVersion "1"]
[SourceVersionDate "2021.10.06"]
[SourceQuality "1"]

1. c4 Nf6 2. g3 g6 3. Bg2 Bg7 4. Nc3 c5 5. e4 d6 6. Nge2 Nc6 7. O-O e5 8. h3 O-O 9. d3 Bd7 10. Be3 a6 11. Qd2 Rb8 12. a4 Nd4 13. Rae1 Bxh3 14. f4 Bxg2 15. Kxg2 Ng4 16. Bxd4 exd4 17. Nd5 b5 18. axb5 axb5 19. b3 Nf6 20. f5 Nxd5 21. exd5 Re8 22. Rf2 gxf5 23. Rxf5 Qe7 24. Rf3 bxc4 25. bxc4 Qe5 26. Kf2 Qh5 27. Kg2 Bh6 28. Nf4 Rxe1 29. Qxe1 Bxf4 30. Rxf4 Rb2+ 31. Rf2 Rxf2+ 32. Qxf2 Qe5 33. Qf3 Kf8 34. Qg4 h5 35. Qf3 Ke7 36. Kh3 f6 37. Kh4 Qg5+ 38. Kh3 Kf7 39. Qe4 Qe5 40. Qh7+ Ke8 41. Qg6+ Kd8 42. Kh4 Kc7 43. Qxh5 f5 44. Qf7+ Kb6 45. Qe6 Qh8+ 46. Kg5 Qg7+ 47. Qg6 Qe7+ 48. Kxf5 Qe5+ 49. Kg4 Qe2+ 50. Kg5 Qe3+ 51. Kh4 Qe7+ 52. Kh3 Ka5 53. g4 Kb4 54. g5 Qe3+ 55. Kg4 Qe2+ 56. Kh4 Qh2+ 57. Kg4 Qe2+ 58. Kg3 1/2-1/2

[Event "Winnipeg TNT October op"]
[Site "Winnipeg CAN"]
[Date "2012.10.23"]
[Round "4"]
[White "Wasserman, Leor"]
[Black "Baron, Cody"]
[Result "1/2-1/2"]
[WhiteElo "2006"]
[BlackElo "1746"]
[PlyCount "80"]
[GameId "2160767909445061"]
[EventDate "2012.10.02"]
[EventType "swiss"]
[EventRounds "5"]
[EventCountry "CAN"]
[SourceTitle "EXT 2022"]
[Source "ChessBase"]
[SourceDate "2021.10.06"]
[SourceVersion "1"]
[SourceVersionDate "2021.10.06"]
[SourceQuality "1"]

1. e4 c6 2. d4 d5 3. Nc3 dxe4 4. Nxe4 Bf5 5. Ng3 Bg6 6. h4 h6 7. h5 Bh7 8. Nf3 Nd7 9. Bd3 Bxd3 10. Qxd3 Ngf6 11. Bd2 e6 12. O-O Bd6 13. Ne4 Nxe4 14. Qxe4 Nf6 15. Qh4 Qb6 16. Bc3 O-O-O 17. Ne5 Bxe5 18. dxe5 Nd5 19. Rab1 Rdg8 20. Bd4 Qc7 21. c4 Ne7 22. Bc5 Nf5 23. Qe4 g6 24. hxg6 Rxg6 25. Rfd1 Rhg8 26. Bd6 Rxg2+ 27. Qxg2 Rxg2+ 28. Kxg2 Qd8 29. Rd3 Qh4 30. Rbd1 Qg4+ 31. Kf1 Qxc4 32. b3 Qh4 33. Bc5 b6 34. Be3 h5 35. Rd7 Qh3+ 36. Ke2 Qg4+ 37. Kf1 Qf3 38. Ke1 Nxe3 39. fxe3 Qxe3+ 40. Kf1 Qf3+ 1/2-1/2

[Event "Winnipeg TNT October op"]
[Site "Winnipeg CAN"]
[Date "2012.10.23"]
[Round "4"]
[White "Wolchock, Theo"]
[Black "Towns, Barry"]
[Result "0-1"]
[WhiteElo "1688"]
[BlackElo "1694"]
[PlyCount "68"]
[GameId "2160767909445062"]
[EventDate "2012.10.02"]
[EventType "swiss"]
[EventRounds "5"]
[EventCountry "CAN"]
[SourceTitle "EXT 2022"]
[Source "ChessBase"]
[SourceDate "2021.10.06"]
[SourceVersion "1"]
[SourceVersionDate "2021.10.06"]
[SourceQuality "1"]

1. c4 e5 2. g3 Nf6 3. Bg2 d5 4. cxd5 Nxd5 5. e3 Be7 6. Ne2 O-O 7. O-O c6 8. Nbc3 Be6 9. d4 Nxc3 10. Nxc3 exd4 11. exd4 Qb6 12. Qa4 Rd8 13. Rd1 Na6 14. d5 cxd5 15. Bxd5 Bc5 16. Qf4 Bxd5 17. Rxd5 Rxd5 18. Nxd5 Qe6 19. Ne3 Nb4 20. Bd2 Nd3 21. Qf3 Rd8 22. Bc3 Re8 23. Rd1 Nxf2 24. Kxf2 Bxe3+ 25. Kg2 Bc5 26. Re1 Qd7 27. Rd1 Qb5 28. Rd2 h6 29. Rd3 Qc4 30. b3 Qe6 31. Rd2 Qb6 32. Rd7 Re2+ 33. Qxe2 Qc6+ 34. Kh3 Qxd7+ 0-1

[Event "Winnipeg TNT October op"]
[Site "Winnipeg CAN"]
[Date "2012.10.30"]
[Round "5"]
[White "Cleto, Sam"]
[Black "Melamedoff, Gustavo"]
[Result "0-1"]
[WhiteElo "1834"]
[BlackElo "2097"]
[PlyCount "72"]
[GameId "2160767909445063"]
[EventDate "2012.10.02"]
[EventType "swiss"]
[EventRounds "5"]
[EventCountry "CAN"]
[SourceTitle "EXT 2022"]
[Source "ChessBase"]
[SourceDate "2021.10.06"]
[SourceVersion "1"]
[SourceVersionDate "2021.10.06"]
[SourceQuality "1"]

1. d4 Nf6 2. c4 e6 3. Nc3 Bb4 4. Qc2 c5 5. a3 Bxc3+ 6. bxc3 d6 7. e3 Nc6 8. Bd3 e5 9. Ne2 Bg4 10. f3 Bh5 11. O-O Bg6 12. d5 e4 13. fxe4 Ne5 14. Nf4 Nxd3 15. Qxd3 Bxe4 16. Qd1 O-O 17. Bd2 Qd7 18. h3 Rae8 19. Be1 Bg6 20. Qf3 Qa4 21. Qe2 Re4 22. Bh4 Nd7 23. Nxg6 hxg6 24. Bg3 Ne5 25. Rf4 Qxc4 26. Qc2 Rxf4 27. exf4 Nd3 28. Rf1 Qxd5 29. c4 Qd4+ 30. Kh2 Re8 31. Qa4 Re2 32. Qd7 f6 33. Qg4 Qe4 34. Rf3 Ne1 35. Bxe1 Rxe1 36. Qh4 Qd4 0-1

[Event "Winnipeg TNT October op"]
[Site "Winnipeg CAN"]
[Date "2012.10.30"]
[Round "5"]
[White "Kaptsan, Aron"]
[Black "Rutter, Blair"]
[Result "1-0"]
[WhiteElo "2087"]
[BlackElo "1838"]
[PlyCount "53"]
[GameId "2160767909445065"]
[EventDate "2012.10.02"]
[EventType "swiss"]
[EventRounds "5"]
[EventCountry "CAN"]
[SourceTitle "EXT 2022"]
[Source "ChessBase"]
[SourceDate "2021.10.06"]
[SourceVersion "1"]
[SourceVersionDate "2021.10.06"]
[SourceQuality "1"]

1. d4 d5 2. c4 e6 3. Nc3 Nf6 4. e3 Nbd7 5. Nf3 c6 6. Bd3 Bd6 7. O-O O-O 8. e4 dxe4 9. Nxe4 Nxe4 10. Bxe4 f5 11. Bc2 Nf6 12. b3 Bd7 13. Bb2 Qc7 14. Re1 Rae8 15. h3 Re7 16. Ne5 Be8 17. Qe2 Bb4 18. Rf1 b5 19. Rfc1 bxc4 20. Qxc4 Nd5 21. Bd1 Qb6 22. Bf3 Rc7 23. Qc2 Bd6 24. Nc4 Nb4 25. Qd2 Bf4 26. Qxf4 Nd3 27. Qd2 1-0

[Event "Winnipeg TNT October op"]
[Site "Winnipeg CAN"]
[Date "2012.10.30"]
[Round "5"]
[White "Kernetsky, Myron"]
[Black "Mundwiler, Les"]
[Result "0-1"]
[WhiteElo "2068"]
[BlackElo "2054"]
[PlyCount "38"]
[GameId "2160767909445066"]
[EventDate "2012.10.02"]
[EventType "swiss"]
[EventRounds "5"]
[EventCountry "CAN"]
[SourceTitle "EXT 2022"]
[Source "ChessBase"]
[SourceDate "2021.10.06"]
[SourceVersion "1"]
[SourceVersionDate "2021.10.06"]
[SourceQuality "1"]

1. d4 d5 2. c4 e6 3. Nc3 c5 4. cxd5 exd5 5. Nf3 Nc6 6. g3 Nf6 7. Bg2 Be7 8. O-O O-O 9. dxc5 h6 10. Na4 Bf5 11. Be3 Be4 12. Nd4 Re8 13. Re1 Qd7 14. Rc1 Bxg2 15. Kxg2 Ng4 16. Bf4 Nxd4 17. Qxd4 Bf6 18. Qb4 Re4 19. Qb3 Qxa4 0-1

[Event "Winnipeg TNT October op"]
[Site "Winnipeg CAN"]
[Date "2012.10.30"]
[Round "5"]
[White "Lauritson, Jim"]
[Black "Baron, Cody"]
[Result "1-0"]
[WhiteElo "2045"]
[BlackElo "1746"]
[PlyCount "59"]
[GameId "2160767909445067"]
[EventDate "2012.10.02"]
[EventType "swiss"]
[EventRounds "5"]
[EventCountry "CAN"]
[SourceTitle "EXT 2022"]
[Source "ChessBase"]
[SourceDate "2021.10.06"]
[SourceVersion "1"]
[SourceVersionDate "2021.10.06"]
[SourceQuality "1"]

1. d4 Nf6 2. c4 c5 3. d5 e6 4. Nc3 exd5 5. cxd5 d6 6. e4 g6 7. Nf3 Nbd7 8. Bf4 a6 9. a4 Qc7 10. Be2 Bg7 11. O-O O-O 12. Nd2 Ne5 13. Bg3 Ne8 14. f4 Nd7 15. Nc4 Nb6 16. Ne3 Qe7 17. a5 Bxc3 18. bxc3 Qxe4 19. Qd2 Nd7 20. Bd3 Qe7 21. Nc4 f5 22. Rfe1 Qd8 23. Re2 Ndf6 24. Bh4 Qc7 25. Bc2 Bd7 26. Rae1 Bb5 27. Re7 Qd8 28. Nb6 Rb8 29. c4 Bd7 30. Rxd7 1-0

[Event "Winnipeg TNT October op"]
[Site "Winnipeg CAN"]
[Date "2012.10.30"]
[Round "5"]
[White "Moncal, Nilo"]
[Black "Pang, Michael"]
[Result "1-0"]
[WhiteElo "2105"]
[BlackElo "1904"]
[PlyCount "141"]
[GameId "2160767909445068"]
[EventDate "2012.10.02"]
[EventType "swiss"]
[EventRounds "5"]
[EventCountry "CAN"]
[SourceTitle "EXT 2022"]
[Source "ChessBase"]
[SourceDate "2021.10.06"]
[SourceVersion "1"]
[SourceVersionDate "2021.10.06"]
[SourceQuality "1"]

1. e4 c5 2. Nf3 d6 3. Nc3 Nc6 4. d4 cxd4 5. Nxd4 Nf6 6. Bc4 a6 7. O-O Qc7 8. Bb3 e6 9. Be3 Be7 10. h3 Na5 11. Qe2 b5 12. f3 Rb8 13. Rfd1 e5 14. Nf5 Bxf5 15. exf5 Nxb3 16. axb3 Qc6 17. Bg5 Ng8 18. Bxe7 Nxe7 19. f6 gxf6 20. Ne4 d5 21. Nf2 O-O 22. Ng4 Qe6 23. f4 f5 24. Nf2 e4 25. Qe3 b4 26. Kh2 Kh8 27. Rd2 Rfd8 28. Nd1 Qb6 29. Qxb6 Rxb6 30. Ne3 d4 31. Nc4 Re6 32. Kg1 Ng6 33. g3 h5 34. h4 Rd5 35. Kf1 Ne7 36. Ke1 Rg6 37. Rg2 d3 38. Ne5 Rf6 39. cxd3 exd3 40. Rd2 Re6 41. Kf2 f6 42. Nc4 Kg7 43. Rad1 Re2+ 44. Rxe2 dxe2 45. Rxd5 Nxd5 46. Kxe2 Kf7 47. Kd3 Ke6 48. Kd4 Ne7 49. Ne3 Nc8 50. Nc4 Ne7 51. Kc5 Nd5 52. Nd2 Nc3 53. Kxb4 Ne4 54. Nf1 Kd6 55. Ka5 Kc5 56. b4+ Kc4 57. Ne3+ Kd4 58. Nxf5+ Kc4 59. Ka4 Kd5 60. Ka5 Kc4 61. Ka4 Kd5 62. b3 Ke6 63. Nd4+ Kd5 64. Ne2 Nd2 65. Ka5 Nxb3+ 66. Kxa6 Kc4 67. b5 Kc5 68. b6 Kc6 69. f5 Nc5+ 70. Ka7 Nb7 71. Nd4+ 1-0

[Event "Winnipeg TNT October op"]
[Site "Winnipeg CAN"]
[Date "2012.10.30"]
[Round "5"]
[White "Platt, Alex"]
[Black "Czarny, Keith"]
[Result "1-0"]
[WhiteElo "2204"]
[BlackElo "1658"]
[PlyCount "45"]
[GameId "2160767909445069"]
[EventDate "2012.10.02"]
[EventType "swiss"]
[EventRounds "5"]
[EventCountry "CAN"]
[SourceTitle "EXT 2022"]
[Source "ChessBase"]
[SourceDate "2021.10.06"]
[SourceVersion "1"]
[SourceVersionDate "2021.10.06"]
[SourceQuality "1"]

1. e4 Nf6 2. e5 Nd5 3. c4 Nb6 4. d4 d6 5. f4 g6 6. Nf3 Bg4 7. Be2 Bg7 8. O-O O-O 9. Be3 dxe5 10. fxe5 e6 11. Nc3 c6 12. Ne4 Nc8 13. Qd2 Nd7 14. Bh6 f5 15. exf6 Bxh6 16. Qxh6 Nxf6 17. Nxf6+ Rxf6 18. Ng5 Qxd4+ 19. Kh1 Bf5 20. Rfe1 Qb6 21. Qxh7+ Kf8 22. Qh8+ Ke7 23. Qg7+ 1-0

[Event "Winnipeg TNT October op"]
[Site "Winnipeg CAN"]
[Date "2012.10.30"]
[Round "5"]
[White "Reimer, Bruce"]
[Black "Einarsson, Ken"]
[Result "0-1"]
[WhiteElo "1568"]
[BlackElo "1717"]
[PlyCount "112"]
[GameId "2160767909445070"]
[EventDate "2012.10.02"]
[EventType "swiss"]
[EventRounds "5"]
[EventCountry "CAN"]
[SourceTitle "EXT 2022"]
[Source "ChessBase"]
[SourceDate "2021.10.06"]
[SourceVersion "1"]
[SourceVersionDate "2021.10.06"]
[SourceQuality "1"]

1. c4 e5 2. Nc3 Nf6 3. g3 d5 4. cxd5 Nxd5 5. Bg2 Nxc3 6. bxc3 Bd6 7. e3 O-O 8. Ne2 Qe8 9. O-O Nc6 10. d4 exd4 11. cxd4 Bg4 12. Re1 Rb8 13. h3 Bh5 14. a3 Rd8 15. Bb2 b6 16. Qc2 f6 17. Qxc6 Qe7 18. Nf4 Be8 19. Bd5+ Kh8 20. Qc2 Bxf4 21. exf4 Qd7 22. Bg2 Bg6 23. Qc6 Qc8 24. Rac1 Rd7 25. Re3 Be8 26. Qc2 Bg6 27. f5 Bf7 28. Rce1 h6 29. Re7 Qd8 30. Rxd7 Qxd7 31. a4 Rd8 32. Rc1 Rc8 33. Be4 c5 34. dxc5 Rxc5 35. Qd1 Rxc1 36. Qxc1 Qxa4 37. Bf3 b5 38. Qc8+ Kh7 39. Qd7 Qb3 40. Bxf6 gxf6 41. Bh5 Kg8 42. Bd1 Qd5 43. Qc8+ Kg7 44. Qc1 Qxf5 45. Kg2 Qe4+ 46. Bf3 Qc4 47. Qb1 b4 48. Qe4 b3 49. Qg4+ Kf8 50. Qf4 b2 51. Qb8+ Kg7 52. Qxb2 a5 53. Qb7 a4 54. Qe4 a3 55. Qg4+ Kf8 56. Qf4 Ke7 0-1

[Event "Winnipeg TNT October op"]
[Site "Winnipeg CAN"]
[Date "2012.10.30"]
[Round "5"]
[White "Schulz, Waldemar"]
[Black "Babb, Jeff"]
[Result "0-1"]
[WhiteElo "2009"]
[BlackElo "2209"]
[PlyCount "104"]
[GameId "2160767909445071"]
[EventDate "2012.10.02"]
[EventType "swiss"]
[EventRounds "5"]
[EventCountry "CAN"]
[SourceTitle "EXT 2022"]
[Source "ChessBase"]
[SourceDate "2021.10.06"]
[SourceVersion "1"]
[SourceVersionDate "2021.10.06"]
[SourceQuality "1"]

1. Nf3 Nc6 2. d4 d5 3. g3 Bg4 4. Bg2 Qd7 5. Bf4 f6 6. Nc3 e6 7. a3 Rb8 8. h3 Bh5 9. g4 Bf7 10. Qd2 a6 11. e4 Nge7 12. e5 Ng6 13. exf6 gxf6 14. Bg3 h5 15. g5 h4 16. Bh2 f5 17. Ne2 Bg7 18. Nf4 Rc8 19. O-O Nce7 20. Rfe1 Kf8 21. Qb4 Nxf4 22. Bxf4 Qb5 23. Bd2 Qxb4 24. Bxb4 b6 25. Ne5 Bxe5 26. Bxe7+ Kxe7 27. Rxe5 Kd6 28. Rae1 c5 29. dxc5+ bxc5 30. f4 c4 31. c3 Rb8 32. R5e2 Rhe8 33. Bf1 Kc5 34. Kf2 Rb6 35. Rc2 Reb8 36. Ree2 Bh5 37. Red2 Be8 38. Re2 Ba4 39. Rcd2 Be8 40. Rc2 Kd6 41. Ke1 Ke7 42. Rg2 Bg6 43. Kd1 Bh5+ 44. Kc1 Bf3 45. Rg1 Be4 46. Rd2 Rb3 47. Bg2 Rxc3+ 48. Kd1 Bf3+ 49. Ke1 Rc1+ 50. Kf2 Rxg1 51. Kxg1 Bxg2 52. Kxg2 Rb3 0-1

[Event "Winnipeg TNT October op"]
[Site "Winnipeg CAN"]
[Date "2012.10.30"]
[Round "5"]
[White "Sharma, Gautam"]
[Black "Wolchock, Theo"]
[Result "0-1"]
[WhiteElo "1358"]
[BlackElo "1688"]
[PlyCount "124"]
[GameId "2160767909445072"]
[EventDate "2012.10.02"]
[EventType "swiss"]
[EventRounds "5"]
[EventCountry "CAN"]
[SourceTitle "EXT 2022"]
[Source "ChessBase"]
[SourceDate "2021.10.06"]
[SourceVersion "1"]
[SourceVersionDate "2021.10.06"]
[SourceQuality "1"]

1. e4 d5 2. e5 e6 3. d4 c5 4. c3 Nc6 5. Nf3 Bd7 6. a3 cxd4 7. cxd4 Nge7 8. Nc3 g6 9. Qb3 Na5 10. Qd1 a6 11. Bd3 Bg7 12. O-O O-O 13. Bd2 Rc8 14. Bc2 Qc7 15. Qc1 Nc4 16. Bh6 b5 17. Bd2 a5 18. Bd3 Qb6 19. Be1 b4 20. axb4 axb4 21. Na4 Bxa4 22. Rxa4 Nxe5 23. Qe3 Nxf3+ 24. gxf3 Qxd4 25. Qxd4 Bxd4 26. Rxb4 Bg7 27. Rb7 Nc6 28. b4 Rb8 29. Rxb8 Rxb8 30. Bd2 Nxb4 31. Bxb4 Rxb4 32. Kg2 Rd4 33. Rd1 e5 34. Kg3 e4 35. fxe4 dxe4 36. Be2 Be5+ 37. Kg2 Rxd1 38. Bxd1 Kg7 39. h3 h6 40. Kf1 f5 41. f3 exf3 42. Bxf3 Kf6 43. Kg2 g5 44. Kf2 Bf4 45. Be2 Ke5 46. Kf3 h5 47. Kg2 g4 48. Bd1 Kf6 49. Be2 Kg5 50. hxg4 fxg4 51. Bf1 h4 52. Kg1 Be3+ 53. Kh1 Kf4 54. Kh2 Kf3 55. Bg2+ Kf2 56. Kh1 Bf4 57. Bh3 g3 58. Bg2 Ke3 59. Kg1 Ke2 60. Bh3 Kf3 61. Bg2+ Kg4 62. Kh1 h3 0-1

[Event "Winnipeg TNT October op"]
[Site "Winnipeg CAN"]
[Date "2012.10.30"]
[Round "5"]
[White "Towns, Barry"]
[Black "Boron, Anthony"]
[Result "0-1"]
[WhiteElo "1694"]
[BlackElo "2037"]
[PlyCount "92"]
[GameId "2160767909445073"]
[EventDate "2012.10.02"]
[EventType "swiss"]
[EventRounds "5"]
[EventCountry "CAN"]
[SourceTitle "EXT 2022"]
[Source "ChessBase"]
[SourceDate "2021.10.06"]
[SourceVersion "1"]
[SourceVersionDate "2021.10.06"]
[SourceQuality "1"]

1. e4 c5 2. f4 d5 3. exd5 Nf6 4. Nc3 Nxd5 5. Bc4 e6 6. Nf3 Nc6 7. O-O Be7 8. Ne5 Nxe5 9. fxe5 Nxc3 10. bxc3 O-O 11. d4 Qc7 12. Bd3 Bd7 13. Rf3 g6 14. Bh6 Bc6 15. Rg3 Rfe8 16. Qh5 Bf8 17. Rf1 Bxh6 18. Qxh6 Re7 19. h4 c4 20. Be2 Be4 21. h5 Bxc2 22. hxg6 fxg6 23. Rh3 Rg7 24. Rf6 Re8 25. Bg4 Bf5 26. Bxf5 exf5 27. e6 Qe7 28. Qg5 Rf8 29. Rxf8+ Kxf8 30. Qxe7+ Kxe7 31. Re3 Kd6 32. Re5 b6 33. e7 Rxe7 34. Rxe7 Kxe7 35. Kf2 Kd6 36. Ke3 Kd5 37. a4 g5 38. Kf3 h5 39. g3 a6 40. Kf2 b5 41. axb5 axb5 42. Ke3 Kd6 43. Kf2 h4 44. Kf3 h3 45. g4 fxg4+ 46. Kg3 b4 0-1

[Event "Winnipeg TNT October op"]
[Site "Winnipeg CAN"]
[Date "2012.10.30"]
[Round "5"]
[White "Wasserman, Leor"]
[Black "Leaden, Bruce"]
[Result "1-0"]
[WhiteElo "2006"]
[BlackElo "1567"]
[PlyCount "43"]
[GameId "2160767909445074"]
[EventDate "2012.10.02"]
[EventType "swiss"]
[EventRounds "5"]
[EventCountry "CAN"]
[SourceTitle "EXT 2022"]
[Source "ChessBase"]
[SourceDate "2021.10.06"]
[SourceVersion "1"]
[SourceVersionDate "2021.10.06"]
[SourceQuality "1"]

1. e4 e5 2. Nf3 Nc6 3. c3 d6 4. d4 Bg4 5. Bc4 Qd7 6. Be3 Nf6 7. Nbd2 Be7 8. O-O O-O 9. h3 Bh5 10. Qc2 a6 11. Nh4 Na5 12. Nf5 Nxc4 13. Nxc4 Bg6 14. dxe5 dxe5 15. Nxe5 Qe6 16. Nxe7+ Qxe7 17. Nxg6 fxg6 18. f3 h6 19. Qb3+ Qf7 20. Qxb7 Qc4 21. Qb3 Qxb3 22. axb3 1-0

[Event "Winnipeg TNT September op"]
[Site "Winnipeg CAN"]
[Date "2012.09.04"]
[Round "1"]
[White "Bince, Rolando"]
[Black "Samson, Larry"]
[Result "1-0"]
[WhiteElo "2030"]
[BlackElo "1599"]
[PlyCount "91"]
[GameId "2160767909445342"]
[EventDate "2012.09.04"]
[EventType "swiss"]
[EventRounds "4"]
[EventCountry "CAN"]
[SourceTitle "EXT 2022"]
[Source "ChessBase"]
[SourceDate "2021.10.06"]
[SourceVersion "1"]
[SourceVersionDate "2021.10.06"]
[SourceQuality "1"]

1. e3 Nf6 2. d4 e6 3. c4 Bb4+ 4. Nc3 O-O 5. Bd3 d5 6. Qc2 h6 7. Bd2 dxc4 8. Bxc4 b6 9. Nge2 Bb7 10. O-O a6 11. a3 Be7 12. e4 b5 13. Bd3 c5 14. dxc5 Qc7 15. b4 Rd8 16. Bf4 e5 17. Be3 Ng4 18. Bc1 Qd7 19. Rd1 Qe6 20. h3 Nf6 21. Be3 Nc6 22. f3 Bf8 23. Qb2 Rd7 24. Bc2 Rad8 25. Rxd7 Rxd7 26. Bb3 Qe8 27. Nd5 Nxd5 28. exd5 Nd8 29. Rd1 Ba8 30. Qc2 g6 31. Nc3 Bg7 32. c6 Rc7 33. Bb6 Rc8 34. c7 Nb7 35. d6 Qd7 36. Qxg6 Kf8 37. Qxf7+ Qxf7 38. Bxf7 Kxf7 39. d7 Rxc7 40. Bxc7 Bf6 41. d8=Q Nxd8 42. Bxd8 Bxd8 43. Rxd8 Bc6 44. Rd6 Be8 45. Rxh6 Kg7 46. Rxa6 1-0

[Event "Winnipeg TNT September op"]
[Site "Winnipeg CAN"]
[Date "2012.09.04"]
[Round "1"]
[White "Cleto, Sam"]
[Black "Babb, Jeff"]
[Result "0-1"]
[WhiteElo "1857"]
[BlackElo "2218"]
[PlyCount "65"]
[GameId "2160767909445343"]
[EventDate "2012.09.04"]
[EventType "swiss"]
[EventRounds "4"]
[EventCountry "CAN"]
[SourceTitle "EXT 2022"]
[Source "ChessBase"]
[SourceDate "2021.10.06"]
[SourceVersion "1"]
[SourceVersionDate "2021.10.06"]
[SourceQuality "1"]

1. Nf3 Nc6 2. c4 e5 3. Nc3 Nf6 4. d4 exd4 5. Nxd4 Bb4 6. Bg5 Bxc3+ 7. bxc3 h6 8. Bh4 Ne5 9. e4 Ng6 10. Bxf6 Qxf6 11. Bd3 O-O 12. O-O Nf4 13. e5 Qxe5 14. Re1 Qg5 15. g3 Nxd3 16. Qxd3 d6 17. Nb5 Qd8 18. Qe3 a6 19. Nd4 Bh3 20. Qf3 Qc8 21. Re4 c5 22. Ne2 Qc6 23. Nf4 Bf5 24. Nd5 Bxe4 25. Qxe4 Rae8 26. Qg4 Kh8 27. a4 Re5 28. Rd1 Qxa4 29. Nf4 Qc2 30. Qf3 Rfe8 31. Rxd6 Re1+ 32. Kg2 Qe4 33. Nd5 0-1

[Event "Winnipeg TNT September op"]
[Site "Winnipeg CAN"]
[Date "2012.09.04"]
[Round "1"]
[White "Czarny, Keith"]
[Black "Kaptsan, Aron"]
[Result "0-1"]
[WhiteElo "1686"]
[BlackElo "2068"]
[PlyCount "40"]
[GameId "2160767909445344"]
[EventDate "2012.09.04"]
[EventType "swiss"]
[EventRounds "4"]
[EventCountry "CAN"]
[SourceTitle "EXT 2022"]
[Source "ChessBase"]
[SourceDate "2021.10.06"]
[SourceVersion "1"]
[SourceVersionDate "2021.10.06"]
[SourceQuality "1"]

1. c4 Nf6 2. Nc3 g6 3. g3 Bg7 4. Bg2 O-O 5. Nf3 d6 6. O-O e5 7. d3 Re8 8. Nd2 c6 9. Nde4 Nxe4 10. Nxe4 a5 11. Bd2 Na6 12. Qc1 d5 13. cxd5 cxd5 14. Nc3 Be6 15. Qe1 Rc8 16. Rc1 Qd7 17. a3 b6 18. f4 Nc5 19. Qf2 Nb3 20. Rc2 d4 0-1

[Event "Winnipeg TNT September op"]
[Site "Winnipeg CAN"]
[Date "2012.09.04"]
[Round "1"]
[White "Kernetsky, Myron"]
[Black "Le Dorze, Philippe"]
[Result "1-0"]
[WhiteElo "2065"]
[BlackElo "1677"]
[PlyCount "153"]
[GameId "2160767909445346"]
[EventDate "2012.09.04"]
[EventType "swiss"]
[EventRounds "4"]
[EventCountry "CAN"]
[SourceTitle "EXT 2022"]
[Source "ChessBase"]
[SourceDate "2021.10.06"]
[SourceVersion "1"]
[SourceVersionDate "2021.10.06"]
[SourceQuality "1"]

1. d4 b6 2. c4 Bb7 3. Nc3 e6 4. a3 d5 5. cxd5 exd5 6. Nf3 Nf6 7. Bg5 Be7 8. e3 Nbd7 9. Bd3 h6 10. Bh4 Ne4 11. Bxe7 Qxe7 12. Rc1 Rc8 13. O-O O-O 14. Qb3 Ndf6 15. Qa4 Nxc3 16. Rxc3 Ne4 17. Rc2 a5 18. Rfc1 c5 19. dxc5 Nxc5 20. Qd4 Nxd3 21. Qxd3 Qe4 22. Qxe4 dxe4 23. Nd4 f5 24. g3 Rxc2 25. Rxc2 Rc8 26. Rxc8+ Bxc8 27. Kf1 g5 28. Ke2 Kf7 29. Kd2 Ke7 30. Kc3 Kd6 31. Kc4 Bd7 32. b3 Bc8 33. Kb5 Kc7 34. a4 Bd7+ 35. Ka6 Bc8+ 36. Ka7 Bd7 37. h3 h5 38. h4 g4 39. Nb5+ Kc6 40. Nd4+ Kc7 41. Ka6 Bc8+ 42. Kb5 Bd7+ 43. Kc4 Kd6 44. Nb5+ Ke5 45. b4 axb4 46. Kxb4 Kd5 47. Na3 Kc6 48. Nc4 Kc7 49. Ne5 Be8 50. Nc4 Bd7 51. Na3 Kc6 52. Nb5 Kd5 53. Nd4 Kd6 54. Ne2 Bc6 55. Nc3 Bd7 56. Ne2 Bc6 57. Nd4 Bd7 58. Nb3 Be6 59. Nd2 Bd7 60. Nc4+ Kc7 61. a5 bxa5+ 62. Kxa5 Be6 63. Na3 Kc6 64. Kb4 Kd5 65. Kb5 Kd6 66. Kb6 Bd5 67. Nb5+ Ke7 68. Kc5 Be6 69. Nd4 Bd7 70. Kd5 Kf6 71. Kd6 Bc8 72. Kc7 Be6 73. Kd6 Bc8 74. Ne2 Be6 75. Nf4 Bf7 76. Kd7 Kg7 77. Ke7 1-0